Určovanie rezidentstva a zdroja na účely medzinárodného zdanenia diplomová práca

Salvato in:
Dettagli Bibliografici
Autore principale: Šmelková, Mária
Ente Autore: Národohospodárska fakulta EU. Katedra financií
Altri autori: Kubicová, Jana, 1961-
Natura: Libro
Lingua:slovacco
Pubblicazione: Bratislava 2011
Tags: Aggiungi Tag
Nessun Tag, puoi essere il primo ad aggiungerne!!

MARC

LEADER 00000nbm a2200000 4500
001 0130943
005 20161109101632.9
041 0 |a slo 
044 |a SK 
245 1 0 |a Určovanie rezidentstva a zdroja na účely medzinárodného zdanenia  |b diplomová práca  |c Mária Šmelková ; školiteľ: Jana Kubicová 
264 1 |a Bratislava  |c 2011 
300 |a 84 s. 
100 1 |a Šmelková, Mária 
700 1 |a Kubicová, Jana, 1961- 
710 2 |a Národohospodárska fakulta EU. Katedra financií